How Not to Write the History of Urdu Literature and Other Essays (Record no. 15986)

MARC details
000 -LEADER
fixed length control field 00668nam a2200241 a 4500
020 ## - INTERNATIONAL STANDARD BOOK NUMBER
ISBN 0197491
082 00 - DEWEY DECIMAL CLASSIFICATION NUMBER
Classification number 891.43909
Author Cutter RUS
100 ## - MAIN ENTRY--AUTHOR NAME
Author name Russell, Ralph
245 ## - TITLE STATEMENT
Title How Not to Write the History of Urdu Literature and Other Essays
260 ## - PUBLICATION, DISTRIBUTION, ETC. (IMPRINT)
Place of publication Londan
Name of publisher Oxford University Press
Year of publication 1999
300 ## - PHYSICAL DESCRIPTION
Number of Pages 235p
500 ## - GENERAL NOTE
General note includes index and biblioraphy
505 2# - FORMATTED CONTENTS NOTE
Formatted contents note Glossary, Index of Proper Names
650 ## - SUBJECT ADDED ENTRY--TOPICAL TERM
Topical Term Urdu-Literature-history
942 ## - ADDED ENTRY ELEMENTS (KOHA)
Koha item type Books
700 1# -
-- Russell, Ralph
Holdings
Collection code Home library Current library Date acquired Cost, normal purchase price Full call number Accession Number Koha item type
  Henry Martyn Institute Library Henry Martyn Institute Library 06/22/2007 450.00 891.43909 RUS 020169 Books
                   Copyright © 2026 | Henry Martyn Institute | Hyderabad | TS-500052 | INDIA | Implemented by hmi.edu.in
Hit-Count:

Powered by Koha